| 000 | 00530nam a2200169Ia 4500 | ||
|---|---|---|---|
| 005 | 20250508152118.0 | ||
| 008 | 008 250505s9999 xx 000 0 eng d | ||
| 037 | _aTextual | ||
| 040 |
_aFEDL _beng _cFEDL |
||
| 041 |
_aeng _2eng |
||
| 084 |
_a373.54502, DEL _qFEDL |
||
| 245 | 0 | _aProspectus of the higher secondary examiniation, 1959 (Three-year course) of the board of higher secondary education, Delhi | |
| 260 | _c1959 | ||
| 300 | _a112p. | ||
| 942 |
_cTEXL _h373.54502, DEL |
||
| 999 |
_c1334313 _d1334313 |
||